00504 2200181 4500001002100000005001500021008004100036020002200077035001900099041000700118082001100125090001700136100001800153245004800171260004500219300003700264650002100301INLIS00000000001274620241224114425241224||||||||| | ||| |||| || |  a978-602-00-2106-5 0010-1224012746 aid0 a658.84 a658.84 FER c0 aFERI SULIANTA00aCara Praktis Transaksi Online dengan Paypal aJakartabPT. Elex Media Komputindoc2012 a21x14 cm, viii, 124 hlm.; ilus.: 0aTransaksi Online